Wake me up - Avicii - Paroles - Statistiques

Statistiques générales
  • Ce quiz a été pris 259 fois
  • Le résultat moyen est 31 sur 40
Statistiques - réponses
Hint Réponse % Correct
Feeling my way through the darkness
96%
So wake me up when it's all over
95%
So wake me up when it's all over
95%
So wake me up when it's all over
95%
So wake me up when it's all over
95%
So wake me up when it's all over
95%
All this time I was finding myself
88%
All this time I was finding myself
88%
All this time I was finding myself
88%
All this time I was finding myself
88%
All this time I was finding myself
88%
Well life will pass me by if I don't open up my eyes
87%
Not afraid to close my eyes
87%
When I'm wiser and I'm older
83%
When I'm wiser and I'm older
83%
When I'm wiser and I'm older
83%
When I'm wiser and I'm older
83%
When I'm wiser and I'm older
83%
I tried carrying the weight of the world
79%
I hope I get the chance to travel the world
79%
Well that's fine by me
78%
I can't tell where the journey will end
76%
Guided by a beating heart
74%
And I didn't know I was lost
74%
And I didn't know I was lost
74%
And I didn't know I was lost
74%
And I didn't know I was lost
74%
I didnt know I was lost
74%
I didnt know I was lost
74%
I didnt know I was lost
74%
I didnt know I was lost
74%
And I didn't know I was lost
74%
They tell me I'm too young to understand
73%
But I know where to start
71%
I wish that I could stay forever this young
68%
They say I'm caught up in a dream
67%
But I only have two hands
64%
Life's a game made for everyone
57%
But I don't have any plans
45%
And love is the prize
37%
Aucun quiz correspondant
Distribution des résultats
% des personnes avec chaque résultat
Percentile par nombre de réponses
Votre historique - résultats
Vous n’avez pas pris ce quiz